Jean-Paul Poisson, Essais de notariologie, Paris, Economica, 2002, 435 p. (notice n° 1870216)
[ vue normale ]
| 000 -LEADER | |
|---|---|
| fixed length control field | 02156cam a2200169 4500500 |
| 005 - DATE AND TIME OF LATEST TRANSACTION | |
| control field | 20260329012341.0 |
| 041 ## - LANGUAGE CODE | |
| Language code of text/sound track or separate title | fre |
| 042 ## - AUTHENTICATION CODE | |
| Authentication code | dc |
| 100 10 - MAIN ENTRY--PERSONAL NAME | |
| Personal name | Larguier, Gilbert |
| Relator term | author |
| 245 00 - TITLE STATEMENT | |
| Title | Jean-Paul Poisson, Essais de notariologie, Paris, Economica, 2002, 435 p. |
| 260 ## - PUBLICATION, DISTRIBUTION, ETC. | |
| Date of publication, distribution, etc. | 2003.<br/> |
| 500 ## - GENERAL NOTE | |
| General note | 99 |
| 520 ## - SUMMARY, ETC. | |
| Summary, etc. | FR – Les savoirs spécialisés des techniciens en identité judiciaire sont essentiels à leur travail d’inspection des scènes d’incident. Toutefois, la façon dont ces savoirs sont acquis et transmis demeure largement méconnue. Cette étude vise ainsi à mieux comprendre les modes de construction des savoirs spécialisés qui sont valorisés et déployés par ces acteurs. Basés sur une enquête de terrain (18 entretiens et 165 heures d’observation) auprès de 19 techniciens du Québec (Canada), les résultats suggèrent le primat perçu de l’expérience et de la socialisation professionnelle informelle sur la formation académique, ce qui ouvre la voie à une réflexion sur la formation et la professionnalisation du métier. |
| 520 ## - SUMMARY, ETC. | |
| Summary, etc. | EN – ‘By doing it over and over again, you know what’s good’: A fieldwork study on how crime scene examiners construct specialized knowledge – The specialized knowledge of crime scene examiners (CSEs) is essential to the investigation of incident scenes. However, the ways in which this knowledge is acquired and transmitted remain largely unknown. This study thus aims to better understand the modes of knowledge construction that are valued and enacted by CSEs. Based on fieldwork research (18 semi-structured interviews and 165 hours of participant observation) with 19 CSEs in Quebec (Canada), the results suggest a perceived primacy of experience and informal professional socialization over the course of academic training, raising questions about the professionalisation of crime scene investigation and the role of formal education. |
| 786 0# - DATA SOURCE ENTRY | |
| Note | Dix-septième siècle | 219 | 2 | 2003-06-01 | p. 357l-376l | 0012-4273 |
| 856 41 - ELECTRONIC LOCATION AND ACCESS | |
| Uniform Resource Identifier | <a href="https://shs.cairn.info/revue-dix-septieme-siecle-2003-2-page-357l?lang=fr&redirect-ssocas=7080">https://shs.cairn.info/revue-dix-septieme-siecle-2003-2-page-357l?lang=fr&redirect-ssocas=7080</a> |
Pas d'exemplaire disponible.




Réseaux sociaux